| 000 | 01218nam0a22003131 4500 | ||
|---|---|---|---|
| 001 | rc\2370171 | ||
| 005 | 20110829160048.4 | ||
| 035 | _a(NLR Aleph) 006600121 | ||
| 090 |
_a7238864 _c7238864 |
||
| 100 | _a20110829d1976 |||y0rusy50 ca | ||
| 101 | 0 | _arus | |
| 102 | _aRU | ||
| 105 | _aa z ||||| | ||
| 200 | 1 | _aБыстрое газотермохроматографическое выделение нейтронодефицитных изотопов молибдена из хлорида серебра | |
| 210 |
_aДубна _cБ. и. _d1976 |
||
| 215 |
_a15 с. _cил. _d21 |
||
| 225 | 1 |
_aОбъединенный институт ядерных исследований. [Издания] _vР6-9650 |
|
| 300 | _aПеред загл. авт.: Б. Баяр, И. Воцилка, Н.Г. Зайцева, А.Ф. Новгородов | ||
| 320 | _aБиблиогр.: с. 13-15 | ||
| 701 | 1 |
_aЗайцева _bН. Г. |
|
| 701 | 1 |
_aНовгородов _bА. Ф. |
|
| 701 | 1 |
_aВоцилка _bИ. |
|
| 701 | 1 |
_aБаяр _bБ. _gБалдангийн |
|
| 801 | 0 |
_aRU _bNLR _gpsbo |
|
| 801 | 1 |
_aRU _bELAR _2rusmarc |
|
| 852 |
_aNLR _jП11/2061+Р6-9650 |
||
| 899 |
_aRuMoRGB _jXXV 13/49 |
||
| 942 | _cBOOK | ||
| 980 | _aNB | ||